000 00360nam a2200145Ia 4500
008 230711s9999||||xx |||||||||||||| ||und||
041 _aENG
082 _a624
_bEC-I
100 _aEckman,Donald P
245 0 _aIndustrial instrumentation
250 _a1st
260 _c1991
_aNew Delhi
_bWiley Eastern Limited
650 _aMechanical Engineering
942 _cBK
999 _c1427
_d1427